Dopravné služby na Slovensku
Logistika ako kľúčový nástroj konkurenčného boja v rozvíjajúcom sa trhovom prostredí. Svetový trh - trh zákazníka. Významný podiel dopravných služieb na spokojnosti zákazníka. Požiadavky prepravného trhu.
Gespeichert in:
| 1. Verfasser: | |
|---|---|
| Format: | Buchkapitel |
| Sprache: | Slowakisch |
| Schlagworte: | |
| Tags: |
Keine Tags, Fügen Sie das erste Tag hinzu!
|
MARC
| LEADER | 00000naa$a2200000$$$4500 | ||
|---|---|---|---|
| 001 | 0059507 | ||
| 005 | 20231128134138.8 | ||
| 041 | 0 | |a slo | |
| 044 | |a CZ | ||
| 245 | 1 | 0 | |a Dopravné služby na Slovensku |c Tomáš Moravčík |
| 520 | |a Logistika ako kľúčový nástroj konkurenčného boja v rozvíjajúcom sa trhovom prostredí. Svetový trh - trh zákazníka. Významný podiel dopravných služieb na spokojnosti zákazníka. Požiadavky prepravného trhu. | ||
| 610 | 2 | 0 | |a doprava cestná |
| 610 | 2 | 0 | |a doprava železničná |
| 610 | 2 | 0 | |a doprava letecká |
| 610 | 2 | 0 | |a doprava vodná |
| 610 | 2 | 0 | |a logistika |
| 610 | 2 | 0 | |a reťazce logistické |
| 610 | 2 | 0 | |a služby dopravné |
| 610 | 2 | 0 | |a zákazníci |
| 610 | 2 | 0 | |a kvalita |
| 100 | 1 | |a Moravčík, Tomáš | |